| 000 | 00779nam a2200229 i 4500 | ||
|---|---|---|---|
| 001 | 107930 | ||
| 003 | ES-MaACL | ||
| 005 | 20250829080458.0 | ||
| 007 | t| | ||
| 008 | 061219s1969 sp ||||1| spa d | ||
| 080 | _a82-312.92"17" | ||
| 100 | 1 |
_aSwift, Jonathan. _9108944 |
|
| 245 | 1 | 0 |
_aViajes de Gulliver / _cJonathan Swift; traducción de Juan G. de Luaces; prólogo de Alvaro Cunqueiro. |
| 260 |
_aMadrid : _bSalvat, _c1969. |
||
| 300 |
_a188 p., 1 h. ; _c19 cm. |
||
| 490 | 1 |
_aBiblioteca básica Salvat de Libros RTV ; _v12 |
|
| 700 | 1 |
_aCunqueiro, Álvaro, _d1911-1981 _942188 |
|
| 700 | 1 |
_aLuaces, Juan G. de. _974483 |
|
| 830 | 0 | 0 |
_aBiblioteca básica Salvat de libros RTV _v12 _9185398 |
| 852 |
_aES-MaACL _jE-2933 _bR.69760 |
||
| 999 |
_c107930 _d107930 |
||